000 00584nam a2200205 4500
003 OSt
005 20240716073108.0
006 a
008 240716b |||||||| |||| 00| 0 eng d
020 _a9781903141502
040 _aDWCL-HMN lib.
_cOC
082 _aRes. 641.591 B297f 2007
100 _aBasan, Ghillie
245 _aThe food and cooking of Indonesia & the Philippines /
260 _aLondon:
_bAquamarine,
_cc2007.
300 _b160 p. : col. ill. ;
_c28 cm.
650 _a1. Cooking-Indonesia.
650 _a2. Cooking-Philippines.
942 _2ddc
_n0
_cBK-0 CIRC
_kRes.
999 _c2270
_d2270